|
|
|
|
| LEADER |
00000nab#a22000007a#4500 |
| 001 |
arbauad013955 |
| 003 |
AR-BaUAD |
| 005 |
20250711111337.0 |
| 008 |
950927|||||||||###||||||b###|0###a|spa|| |
| 040 |
|
|
|a AR-BaUAD
|c AR-BaUAD
|b spa
|
| 100 |
|
|
|a Giordano, Paolo
|
| 245 |
|
|
|a Ristrutturazione di una casa unifamiliare nel Taunus :
|b Karl Dudler, Max Dudler, Pete Welbergen /
|c Paolo Giordano;
|
| 300 |
0 |
|
|b il., fot., plantas, perspec., implant., axonom
|
| 653 |
|
|
|a REMODELACION
|
| 653 |
|
|
|a VIVIENDAS UNIFAMILIARES
|
| 653 |
|
|
|a DUDLER, KARL
|
| 653 |
|
|
|a DUDLER, MAX
|
| 653 |
|
|
|a WELBERGEN, PETE
|
| 653 |
|
|
|a SUIZA
|
| 773 |
0 |
|
|t Domus
|g no. 751 [jul.-ago. 1993], p. 44-49
|
| 942 |
|
|
|c ARTI
|
| 952 |
|
|
|0 0
|1 0
|4 0
|7 0
|9 58875
|a AR-BAuAD
|b AR-BAuAD
|d 2025-07-11
|l 0
|p AAQA013955
|r 2025-07-11 11:13:37
|w 2025-07-11
|y ARTI
|
| 990 |
|
|
|a AQ199
|b TD
|
| 998 |
|
|
|a AAQ
|b BIBUN76
|
| 999 |
|
|
|c 38548
|d 38548
|